000 00562cam a22001933a 4500
001 44618
003 PGUSA
005 20140828084023.0
008 140107s2014||||xxu|||||s|||||000 | eng d
040 _aPGUSA
_beng
042 _adc
245 1 0 _aBlackwood's Edinburgh Magazine, Vol. 68, No 420, October 1850
_h[electronic resource] /
_cVarious
260 _bProject Gutenberg,
_c2014
506 _aPublic domain in the USA.
516 _aElectronic text
830 0 _aProject Gutenberg
_v44618
856 4 0 _uhttp://www.gutenberg.org/ebooks/44618
942 _cEB
999 _c273869
_d273869